Manual de técnicas de terapia y modificación de conducta /

I tiakina i:
Ngā taipitopito rārangi puna kōrero
Kaituhi matua: Caballo, Vicente E. (autor)
Hōputu: Pukapuka
Reo:Pāniora
Rangatū:(Manuales Psicología)
Ngā marau:
Ngā Tūtohu: Tāpirihia he Tūtohu
Kāore He Tūtohu, Me noho koe te mea tuatahi ki te tūtohu i tēnei pūkete!

MARC

LEADER 00000nam^a2200000^a^4500
001 000275280
005 20250521000000.0
009 20260310111227.115
020 |a 84-323-0717-3 
037 |a Acervo ITESO - Biblioteca 
041 |a ESP 
082 |a 616. 89  |b CAB 
100 |a Caballo, Vicente E.  |e (autor) 
245 1 0 |a Manual de técnicas de terapia y modificación de conducta /  |c Comp. de Vicente E. Caballo. 
264 |a Madrid, España :  |b Siglo XXI,  |c 1991 
300 |a 980 p. 
336 |a texto  |b txt  |2 rdacontenido 
337 |a sin mediación  |b n  |2 rdamedio 
338 |a volumen  |b nc  |2 rdasoporte 
440 1 |a (Manuales Psicología) 
649 |a XX 
650 |a Modificación de Conducta 
650 |a Psicopatología 
650 |a Psicoterapia 
650 |a Psicología Clínica 
910 |a Fondo General 
920 |a Impresos - Libros 
930 |a Obras de Referencia 
905 |a 102 
901 |a 0383030100  |b IT2  |c REF  |u 20250521 
902 |a https://opac.biblio.iteso.mx/vufind/Record/000275280